00303 2200133 4500001002100000005001500021035002000036245004300056300000800099260003000107082000800137084001200145990001200157INLIS00000000000216520250527115742 a0010-0525000457 aBuku Pintar Pelajar /cR. Sutoyo Bakir a352 bKarisma Publishing,c2008 a370 a370 BUK a0713250